000 00418nam a2200145Ia 4500
008 100204s9999 xx 000 0 und d
082 _b26233
100 _aसंत प्रकाश नारायण
245 _aझुंबर
260 _b"मौज प्रकाशन , मुंबई"
_c2004
300 _a151
630 _aझुंबर
730 _aझुंबर
942 _cBOOK
999 _c471413
_d471410